A közgyűlés Mészáros Rezsőt választotta díszpolgárnak Ötmillió forintos ajánlat a ruhagyárra
Elmentve itt :
| Dokumentumtípus: | Cikk |
|---|---|
| Megjelent: |
2002-03-20
|
| Sorozat: | Délmagyarország
|
| Kulcsszavak: | Mészáros Rezső, Szeged város díszpolgára |
| Online Access: | http://univ.bibl.u-szeged.hu/20960 |
| LEADER | 00537nab a2200157 i 4500 | ||
|---|---|---|---|
| 001 | univ20960 | ||
| 005 | 20171214104625.0 | ||
| 008 | 171214s2002 hu o 0|| zxx d | ||
| 040 | |a SZTE UnivHistória Repozitórium |b hun | ||
| 041 | |a zxx | ||
| 245 | 0 | 2 | |a A közgyűlés Mészáros Rezsőt választotta díszpolgárnak |h [elektronikus dokumentum] : |b Ötmillió forintos ajánlat a ruhagyárra |
| 260 | |c 2002-03-20 | ||
| 300 | |a 5 | ||
| 490 | 0 | |a Délmagyarország | |
| 561 | |a Egyetemi hirarchívum | ||
| 695 | |a Mészáros Rezső, Szeged város díszpolgára | ||